<?xml version="1.0" encoding="UTF-8"?>
<record
    xmlns:xsi="http://www.w3.org/2001/XMLSchema-instance"
    xsi:schemaLocation="http://www.loc.gov/MARC21/slim http://www.loc.gov/standards/marcxml/schema/MARC21slim.xsd"
    xmlns="http://www.loc.gov/MARC21/slim">

  <leader>01772cam a2200301 a 4500</leader>
  <controlfield tag="001">1319903</controlfield>
  <controlfield tag="003">NUST-PNEC</controlfield>
  <controlfield tag="005">20170116180712.0</controlfield>
  <controlfield tag="008">780711m19781989ohua     bf   001 0 eng  </controlfield>
  <datafield tag="010" ind1=" " ind2=" ">
    <subfield code="a">   78014934 </subfield>
  </datafield>
  <datafield tag="020" ind1=" " ind2=" ">
    <subfield code="a">0871700077 </subfield>
  </datafield>
  <datafield tag="040" ind1=" " ind2=" ">
    <subfield code="c">PNEC</subfield>
  </datafield>
  <datafield tag="050" ind1="0" ind2="0">
    <subfield code="a">TA459</subfield>
    <subfield code="b">.M43 1978</subfield>
  </datafield>
  <datafield tag="082" ind1="0" ind2="0">
    <subfield code="a">669.0202 BRU</subfield>
    <subfield code="2">19</subfield>
  </datafield>
  <datafield tag="100" ind1=" " ind2=" ">
    <subfield code="9">569</subfield>
    <subfield code="a">Bruce P. Bardes</subfield>
  </datafield>
  <datafield tag="245" ind1="0" ind2="0">
    <subfield code="a">Metals handbook : Vol-1 properties and selection: Irons and steel</subfield>
    <subfield code="c">prepared under the direction of the ASM Handbook Committee.</subfield>
  </datafield>
  <datafield tag="250" ind1=" " ind2=" ">
    <subfield code="a">9th ed.</subfield>
  </datafield>
  <datafield tag="260" ind1=" " ind2=" ">
    <subfield code="a">Metals Park, Ohio :</subfield>
    <subfield code="b">American Society for Metals,</subfield>
    <subfield code="c">c1978-c1989.</subfield>
  </datafield>
  <datafield tag="300" ind1=" " ind2=" ">
    <subfield code="a"> 816 p.. :</subfield>
    <subfield code="b">ill. ;</subfield>
    <subfield code="c">29 cm.</subfield>
  </datafield>
  <datafield tag="500" ind1=" " ind2=" ">
    <subfield code="a">Includes Index http://www.amazon.com/Metals-Handbook-Vol-Properties-Selection-/dp/0871700077/ref=sr_1_1?s=books&amp;ie=UTF8&amp;qid=1413202358&amp;sr=1-1&amp;keywords=0871700077</subfield>
  </datafield>
  <datafield tag="504" ind1=" " ind2=" ">
    <subfield code="a">Includes bibliographies and indexes.</subfield>
  </datafield>
  <datafield tag="505" ind1="0" ind2=" ">
    <subfield code="a">v. 1. Properties and selection--irons and steels -- v. 2. Properties and selection--nonferrous alloys and pure metals -- v. 3. Properties and selection--stainless steels, tool materials, and special purpose metals -- v. 4. Heat treating -- v. 5. Surface cleaning, finishing, and coating -- v. 6. Welding, brazing, and soldering -- v. 7. Powder metallurgy -- v. 8. Mechanical testing -- v. 9. Metallography and microstructures -- v. 10. Materials characterization -- v. 11. Failure analysis and prevention -- v. 12. Fractography -- v. 13. Corrosion -- v. 14. Forming and forging -- v. 15. Casting -- v. 16. Machining -- v. 17. Nondestructive evaluation and quality control.</subfield>
  </datafield>
  <datafield tag="650" ind1=" " ind2="0">
    <subfield code="a">Metals</subfield>
    <subfield code="x">ME</subfield>
  </datafield>
  <datafield tag="710" ind1="2" ind2=" ">
    <subfield code="a">ASM Handbook Committee.</subfield>
  </datafield>
  <datafield tag="710" ind1="2" ind2=" ">
    <subfield code="a">ASM International.</subfield>
    <subfield code="b">Handbook Committee.</subfield>
  </datafield>
  <datafield tag="906" ind1=" " ind2=" ">
    <subfield code="a">7</subfield>
    <subfield code="b">cbc</subfield>
    <subfield code="c">orignew</subfield>
    <subfield code="d">1</subfield>
    <subfield code="e">ocip</subfield>
    <subfield code="f">19</subfield>
    <subfield code="g">y-gencatlg</subfield>
  </datafield>
  <datafield tag="942" ind1=" " ind2=" ">
    <subfield code="2">ddc</subfield>
    <subfield code="c">BK</subfield>
  </datafield>
  <datafield tag="999" ind1=" " ind2=" ">
    <subfield code="c">60994</subfield>
    <subfield code="d">60994</subfield>
  </datafield>
  <datafield tag="952" ind1=" " ind2=" ">
    <subfield code="0">0</subfield>
    <subfield code="1">0</subfield>
    <subfield code="2">ddc</subfield>
    <subfield code="4">0</subfield>
    <subfield code="7">0</subfield>
    <subfield code="a">PNEC</subfield>
    <subfield code="b">PNEC</subfield>
    <subfield code="c">REF</subfield>
    <subfield code="d">1985-06-02</subfield>
    <subfield code="e">Sasi Book Store</subfield>
    <subfield code="g">1445.00</subfield>
    <subfield code="l">0</subfield>
    <subfield code="o">669.0202</subfield>
    <subfield code="p">PNECLIB-006476</subfield>
    <subfield code="r">2014-10-13</subfield>
    <subfield code="v">1445.00</subfield>
    <subfield code="w">1985-06-02</subfield>
    <subfield code="y">BK</subfield>
  </datafield>
</record>
